000 00787nam a2200229Ia 4500
003 GCL
008 140319s9999 xx 000 0 ara d
040 _aGCL /
_cGCL
082 0 4 _a301.16
_bا د
100 1 _aانشراح الشال
245 1 0 _aدراسات فى علم الاجتماع الاعلامى: الاقمار الصناعية والتنمية - تجربة هندية /
_cانشراح الشال
260 _a[S.N] :
_bمكتبة النهضة الشرق ،
_c1988
300 _a317 ص
490 _a
650 0 4 _aالاجتماع
650 0 4 _aالاعلام
650 0 4 _aالوعى الاجتماعى
650 0 4 _aوسائل الاعلام
650 0 4 _aالاقمار الصناعية
650 0 4 _aالاتصال - علم اجتماع
942 _2ddc
_cBK
999 _c27654
_d27654